Quizzes
Events
Quiz Creation
Community
Videos
Private Events
Remove Ads
Sign In
Join for FREE
Feedback
Dark Mode
Quiz Categories
Sports
Geography
Music
Movies
Television
Just For Fun
Miscellaneous
History
Literature
Language
Science
Gaming
Entertainment
Religion
Holiday
For Kids
Quiz Lab
Recent
Popular Today
Quiz Kudos Today
Editor Picks
Curator Picks
Quizzes by...
Day
Popularity
Type
Ratings
Length
Year
Community
Subscriptions
Recent Discussions
Orange Saloon
Badges
Playlists
Quests
Create
Leaderboards
Showdown
Live 5
Trivia Bingo
Activity
Puzzle Library
Sporcle Events
Private Events
Virtual Trivia
Globe League
Become a Host
Pub Owners
SporcleCon
Opinionation
Our Games
Videos
Blog
Mobile Apps
Partnerships
Remove Ads and Go Orange
Feedback
Geography
Country
Landmarks
City
State
Population
World
Capital
Continent
Flags
Europe
Africa
Asia
South America
North America
Oceania
Border
Canada
United Kingdom
Topography
United States
Geography
Country
Landmarks
City
State
Population
World
Capital
Continent
Flags
Europe
Africa
Asia
South America
North America
Oceania
Border
Canada
United Kingdom
Topography
United States
Random Quiz
Search Sporcle
×
Quiz Lab
Quiz Lab
Geography
Ending
Type in answers that appear in a list
Type in answers that appear in a list
Classic
Best Score? Go Orange.
English Counties ending in 'shire' Stats
Can you name the ceremonial english counties ending in shire?
By
ObsidianWolf
3m
25 Questions
281 Plays
281 Plays
281 Plays
Comments
Comments
Give Quiz Kudos
Give Quiz Kudos
-
- Ratings
hide this ad
Replay
Link that replays current quiz
Next Quiz
Link to next quiz in quiz playlist
You Got
0%
They Got
Avg Score
71%
Avg Friend Score
Upgrade to see
Score Distribution
Jump to the score distribution portion of the page
Score
0/25
Timer
03:00
0
Plays Today
% Correct
Cambridgeshire
80.4%
Leicestershire
79.7%
Lancashire
78.6%
Buckinghamshire
77.2%
Oxfordshire
77.2%
Gloucestershire
76.5%
Bedfordshire
74.4%
North Yorkshire
74.4%
Nottinghamshire
74.4%
Hampshire
73.7%
Derbyshire
73%
Herefordshire
73%
Hertfordshire
73%
% Correct
West Yorkshire
73%
South Yorkshire
72.2%
Worcestershire
71.2%
Cheshire
70.5%
Berkshire
69.4%
Lincolnshire
69%
Shropshire
65.5%
Northamptonshire
65.1%
East Ridings of Yorkhire
62.6%
Wiltshire
61.2%
Staffordshire
60.1%
Warwickshire
59.8%
Quiz Playlist
Details
Report
Send in Message
Add To Playlist
Classic:
Type in answers that appear in a list
Last Updated: Aug 7, 2023
Quiz Scoreboard
CHALLENGE
Sign Up to Join the Scoreboard
Show All
Scores
Hide
Comments
May contain spoilers
Recently Published
NBA Finals Game Top Scorers (2010s)
by flibbidy
Sports
5m
Guess the 'R' Things in 3 Words
by MSUKent
Miscellaneous
3m
Actor to Badly Drawn Movie III
by MoMosMoProblems
Movies
5m
More to Explore
Quiz From the Vault
Featured Blog Post
Where Does Lost Luggage Go?
hide this ad
You Might Also Like...
Tags
counties
Ending
English
hire
shire
Today's Top Quizzes in Geography
Browse Geography
hide this ad
Today's Top Quizzes in Ending
Browse Ending
Top Contributed Quizzes in Geography
1
Countries of the World - No Outlines Minefield
2
Find the Landmarks A-Z
3
Lietuvos savivaldybės (Lithuanian Municipalities)
4
Blind Ultimate Minefield: World
5
Find the US States - No Outlines
6
Ultimate Geography Challenge 'A'
7
3, 2, 1 or 0: Land Borders
8
Complete the Map Snippet (Minefield) IX
9
Nickname Match: U.S. States
10
Complete the Map Snippet (Minefield) X
Explore More
Trending Topics
Anime
NBA
Harry Potter
Kpop
Marvel
Crossword
Disney
Country
Puzzle
WWE
Soccer
Pokémon
The Office
Song
NFL
hide this ad
More By:
ObsidianWolf
Quiz
Plays
Rating
Category
Featured
Created
Guess the Fear of Each Phobia
631
4.50
Just For Fun
Jun 3, 2012
English Counties ending in 'shire'
281
5.00
Geography
Jun 8, 2012
Go to Creator's Profile
Score Distribution
Quiz Creator Spotlight
ObsidianWolf
Follow
Send a Message
Quizzes Created
-
Created Quiz Play Count
-
More By This Creator
Popular Quizzes Today
1
Find the US States - No Outlines Minefield
2
Find the US States
3
The Countries of the World
4
10 Largest US States in Order
5
Find the Countries of Europe - No Outlines Minefield
6
US States
7
Guess the 'R' Things in 3 Words
8
NBA Finals Game Top Scorers (2010s)
More Geography Quizzes
Find the Rivers (Europe)
Published
Trending Quizzes
First Name TV: Leading Men
Match the Book to the Film II
3-Word Movies in 1 Word II
First Name TV: Leading Women Drama
Match the Book to the Film VI
Recently Updated
Women's Final Four Teams by Year
bhenderson79
Presidents Quartet II
eogle
Anything But Clue(do)
eogle
Anything But Oceanian Capitals
eogle
Anything But 7
eogle
Anything But Thing
eogle
Word Ladder: February 29
pecheneg
Song Title Questions
pecheneg
Women's NCAA Tournament #1 Seeds
pecheneg
Celebrity Mug Shots
pecheneg
Trending Topics
NBA
Harry Potter
Kpop
Marvel
Disney
Anime
Crossword
NFL
Country
Soccer
Pokémon
The Office
Puzzle
Song
WWE
Your Account Isn't Verified!
In order to create a playlist on Sporcle, you need to verify the email address you used during registration. Go to your
Sporcle Settings
to finish the process.
Report this User
Report this user for behavior that violates our
Community Guidelines
.
Details:
Send Report
Go to the Sporcle.com Mobile Site →
Comments